00730 2200217 4500001002100000005001700021008004100038035002500079040001200104082001500116084002000131100001200151245015400163260006300317300003100380500002900411650002200440700002000462850001200482990001800494INLIS00000000001040420150818102912.0  a0010-081500000001842 aYOPDYOG 223a352.14 aSK 352.14 War E aWARSINI aEvaluasi Pertanggungjawaban Pemerintah Daerah Berdasarkan Permendagri No. 13/2006 dan PP No. 8/2006 di Pemerintah Kota (PEMKOT) Yogyakartac/ Warsini aYogyakartabSekolah Tinggi Ilmu Ekonomi Widya Wiwahac2007 axiv, 96 lembarc; 29,5 cm. aSkripsi Jurusan Akuntasi aPemerintah daerah aMohammad Mahsun aYOPDYOG a48401-PD/A.15